00287nam a2200109 a 4500008004100000020001500041050001900056100002100075245003400096260003800130350000900168120416s0000 ||||||||||||||||| || u a0876924887 aPN 4784.E5 Gib aGibson, Martin L10aEditing in the electronic era aNew DelhibFT Prentice-Hallc1987 a0.00